[Event "Turniej Niepodleglosci 2021"]
[Site "Warsaw POL"]
[Date "2021.11.11"]
[Round "3.5"]
[White "Nguyen, Piotr"]
[Black "Baum, Jonasz"]
[Result "0-1"]
[WhiteElo "2351"]
[BlackElo "2209"]

1. c4 e5 2. g3 Nc6 3. Nc3 Bc5 4. Bg2 d6 5. Nf3 a6 6. O-O Ba7 7. Rb1 f5 8.
d3 Nf6 9. b4 O-O 10. a4 a5 11. b5 Ne7 12. d4 e4 13. Ne1 d5 14. cxd5 Nexd5
15. Nxd5 Nxd5 16. f3 Be6 17. Rb3 Nf6 18. e3 Bxb3 19. Qxb3+ Kh8 20. Ba3 Re8
21. fxe4 fxe4 22. Qf7 Nd5 23. Nc2 Nxe3 24. Nxe3 Qxd4 25. Bc1 Qc3 26. Qf4 h6
27. Kh1 Rf8 28. Nf5 e3 29. Bxe3 Bxe3 30. Qxe3 Qxe3 31. Nxe3 Rxf1+ 32. Nxf1
Rd8 33. Bxb7 Rd4 34. Bc6 Rxa4 35. b6 Rc4 36. b7 Rb4 37. Ne3 a4 38. Nd5 Rb1+
39. Kg2 a3 40. Nc3 Rb6 41. Kf3 Kg8 42. Ke4 Kf8 43. Nd5 Rxb7 44. Nc3 Rb2 45.
Bd5 Rxh2 46. Kd4 Rd2+ 47. Kc4 a2 0-1

[Event "Turniej Niepodleglosci 2021"]
[Site "Warsaw POL"]
[Date "2021.11.11"]
[Round "3.6"]
[White "Bartel, Michal"]
[Black "Nasuta, Grzegorz"]
[Result "0-1"]
[WhiteElo "2209"]
[BlackElo "2347"]

1. e4 c5 2. Ne2 Nf6 3. Nbc3 d5 4. exd5 Nxd5 5. Nxd5 Qxd5 6. Nc3 Qd8 7. Bc4
e6 8. d3 Be7 9. O-O O-O 10. Be3 Nc6 11. Qh5 Nd4 12. Rac1 b6 13. f4 Bb7 14.
Rf2 Nf5 15. Bd2 Bf6 16. Re2 Rc8 17. Ne4 Bxb2 18. Ng5 h6 19. Nxf7 Rxf7 20.
Bxe6 Qf6 21. Bxc8 Bxc1 22. Re8+ Kh7 23. Bxf5+ Qxf5 24. Qxf5+ Rxf5 25. Bxc1
Rf7 26. Kf2 Rd7 27. Bb2 Kg6 28. g4 Kf7 29. Re5 c4 30. Ke3 cxd3 31. cxd3 Rc7
32. Ba3 Ba6 33. Bb4 Bc8 34. f5 a5 35. Bd2 Rc2 36. Rb5 Rxa2 37. Rxb6 a4 38.
Rc6 Bd7 39. Rc7 Ke8 40. Bc3 Rc2 41. Kd4 a3 42. Ra7 a2 43. Bb4 Bb5 44. h4
Rg2 45. Ke5 Bxd3 46. Bc3 Rc2 47. Bd4 Bc4 48. Rxg7 Re2+ 49. Kf6 Rd2 50. Be5
Rd6+ 51. Bxd6 a1=Q+ 52. Be5 Qa6+ 0-1

[Event "Turniej Niepodleglosci 2021"]
[Site "Warsaw POL"]
[Date "2021.11.11"]
[Round "3.7"]
[White "Gdanski, Jacek"]
[Black "Deszczynski, Adam"]
[Result "1-0"]
[WhiteElo "2326"]
[BlackElo "2177"]

1. e4 c5 2. Nc3 Nc6 3. Nf3 g6 4. Bb5 Bg7 5. Bxc6 dxc6 6. d3 Bg4 7. h3 Bxf3
8. Qxf3 e5 9. O-O Qe7 10. a4 Nf6 11. a5 Nd7 12. Be3 Nf8 13. Nb1 Ne6 14. Nd2
O-O 15. Nc4 f5 16. exf5 gxf5 17. a6 b6 18. Qxc6 f4 19. Bd2 Nd4 20. Qd5+ Kh8
21. c3 Ne2+ 22. Kh2 f3 23. gxf3 Rad8 24. Qe4 Nf4 25. Rg1 Qd7 26. Rg4 Qxd3
27. Bxf4 exf4 28. Rag1 Qxe4 29. fxe4 Bf6 30. e5 Be7 31. Rg7 Rde8 32. Na3
1-0

[Event "Turniej Niepodleglosci 2021"]
[Site "Warsaw POL"]
[Date "2021.11.11"]
[Round "3.8"]
[White "Putlak, Wojciech"]
[Black "Mis, Mieszko"]
[Result "1/2-1/2"]
[WhiteElo "2054"]
[BlackElo "2325"]

1. d4 Nf6 2. c4 e6 3. Nf3 d5 4. Nc3 c6 5. cxd5 exd5 6. Bg5 Bf5 7. e3 Qb6 8.
Qc1 Nbd7 9. Be2 Bd6 10. a3 O-O 11. O-O Rfe8 12. Nh4 Be6 13. Bd3 h6 14. Bxf6
Nxf6 15. Nf5 Bf8 16. Qc2 Qc7 17. Ne2 g6 18. Nfg3 Bd6 19. Rfc1 Kg7 20. b4 a6
21. Rab1 Ng4 22. Qd2 Qe7 23. h3 Nf6 24. a4 h5 25. b5 h4 26. Nf1 cxb5 27.
axb5 a5 28. Qa2 g5 29. f3 Qd7 30. b6 Rg8 31. Kf2 Qe7 32. Qd2 Kh8 33. e4
dxe4 34. fxe4 Nh5 35. e5 Ba3 36. Rc7 Qf8 37. Rxb7 Bb4 38. Qe3 Rd8 39. Ra7
Qh6 40. b7 Nf4 41. Nxf4 gxf4 42. Qf3 Rxd4 43. Ra8 Rdd8 44. Be4 Bc5+ 45. Ke1
Bb4+ 46. Kf2 Qg5 47. Kg1 Rb8 48. Kh1 Qxe5 49. Bc6 Qg5 50. Rb2 Be7 51. Rxb8
Rxb8 52. Qf2 Bc5 53. Qf3 Bd4 54. Rb5 f5 55. Rxa5 Kg7 56. Ra8 Be5 57. Rxb8
Bxb8 58. Qa3 Qd8 59. Qb2+ Kg6 60. Nd2 f3 61. Nxf3 Qd1+ 62. Ng1 Qd6 63. Nf3
Qd1+ 64. Ng1 Qd6 65. Nf3 Qxc6 66. Ne5+ Bxe5 67. Qxe5 Qxb7 68. Qxe6+ Kg5 69.
Qe3+ Kg6 70. Qe6+ 1/2-1/2

[Event "Turniej Niepodleglosci 2021"]
[Site "Warsaw POL"]
[Date "2021.11.11"]
[Round "3.9"]
[White "Dworakowska, Joanna"]
[Black "Karpus, Michal"]
[Result "1-0"]
[WhiteElo "2237"]
[BlackElo "2102"]

1. e4 e5 2. Nf3 Nc6 3. d4 exd4 4. Nxd4 Bc5 5. Be3 Qf6 6. c3 Nge7 7. g3 d5
8. Bg2 Bxd4 9. cxd4 dxe4 10. Nc3 Bf5 11. Nxe4 Bxe4 12. Bxe4 O-O-O 13. Qa4
Qe6 14. Bxc6 Qxc6 15. Qxc6 Nxc6 16. O-O-O Nb4 17. Kd2 Rhe8 18. a3 Nd5 19.
Rhe1 Re6 20. Bg5 Rde8 21. Rxe6 Rxe6 22. Kd3 Kd7 23. Rc1 Rb6 24. Rc2 Kd6 25.
h4 h5 26. Re2 Rb3+ 27. Kc2 Rf3 28. Bd2 Rf6 29. Kd3 Re6 30. Re4 Rxe4 31.
Kxe4 Nf6+ 32. Kf5 Kd5 33. Bf4 Ne4 34. Bxc7 g6+ 35. Kf4 Nxf2 36. Kg5 Ne4+
37. Kh6 Kc6 38. Bb8 a6 39. Kg7 Kd5 40. Kxf7 g5 41. hxg5 Nxg5+ 42. Kg6 Nf3
43. Kxh5 Nxd4 44. g4 Kc4 45. g5 Kb3 46. g6 Ne6 47. Be5 b5 48. Kg4 a5 49.
Kf5 Nd8 50. g7 1-0

[Event "Turniej Niepodleglosci 2021"]
[Site "Warsaw POL"]
[Date "2021.11.11"]
[Round "3.11"]
[White "Adamski, Jan"]
[Black "Przedmojski, Rafal"]
[Result "1/2-1/2"]
[WhiteElo "1962"]
[BlackElo "2195"]

1. Nf3 d5 2. c4 e6 3. g3 Nf6 4. Bg2 Be7 5. d4 O-O 6. Qc2 Ne4 7. O-O c6 8.
Nbd2 f5 9. Ne5 Nd7 10. Nd3 Bf6 11. Nf3 Qe7 12. b3 b6 13. a4 Bb7 14. a5 c5
15. Bb2 Rfc8 16. axb6 axb6 17. Rxa8 Rxa8 18. Ra1 Rxa1+ 19. Bxa1 Qe8 20. Qa2
Qa8 21. Qxa8+ Bxa8 22. Bb2 Kf7 23. Kf1 Bb7 24. Ke1 g5 25. Nfe5+ Ke7 26.
Nxd7 Kxd7 27. f3 Nd6 28. dxc5 Bxb2 29. cxd6 Bc3+ 30. Kd1 dxc4 31. bxc4 Kxd6
32. Kc2 Bd4 33. e4 fxe4 34. fxe4 e5 35. h3 h5 36. Bf3 h4 37. gxh4 gxh4 38.
Bg2 Bc8 39. Kb3 Be6 40. Kb4 Bc5+ 41. Nxc5 bxc5+ 42. Kc3 Kc6 43. Bf1 Kb6 44.
Kb3 Ka5 45. Bg2 Kb6 46. Bf1 Bd7 47. Kc3 Kc7 48. Bg2 Kd6 49. Kd2 Ke7 50. Ke3
Kf6 51. Kf3 Kg5 52. Bf1 Ba4 53. Bd3 Bd1+ 54. Ke3 Bb3 55. Be2 Bc2 56. Bf1
Ba4 57. Be2 Bb3 58. Bf1 Bd1 59. Kd2 Bh5 60. Ke3 Bf7 61. Bd3 Kf6 62. Bf1 Be6
1/2-1/2

[Event "Turniej Niepodleglosci 2021"]
[Site "Warsaw POL"]
[Date "2021.11.11"]
[Round "3.12"]
[White "Siekanski, Janusz"]
[Black "Kanarek, Marcel"]
[Result "0-1"]
[WhiteElo "2005"]
[BlackElo "2293"]

1. d4 Nf6 2. c4 g6 3. Nc3 Bg7 4. e4 d6 5. Nf3 O-O 6. Be2 e5 7. O-O exd4 8.
Nxd4 Re8 9. f3 c6 10. Kh1 Nbd7 11. Bg5 h6 12. Bf4 Nh5 13. Be3 f5 14. Bf2 f4
15. Nb3 Be5 16. c5 Ng3+ 17. Kg1 Nxf1 18. Qxf1 Nxc5 19. Nxc5 dxc5 20. Rd1
Qe7 0-1

[Event "Turniej Niepodleglosci 2021"]
[Site "Warsaw POL"]
[Date "2021.11.11"]
[Round "4.1"]
[White "Gdanski, Jacek"]
[Black "Macieja, Bartlomiej"]
[Result "1-0"]
[WhiteElo "2326"]
[BlackElo "2454"]

1. e4 c5 2. Nf3 e6 3. d4 cxd4 4. Nxd4 Nc6 5. Nc3 Qc7 6. Be3 a6 7. a3 b5 8.
Nxc6 Qxc6 9. h4 Bb7 10. h5 h6 11. Be2 Rc8 12. Qd4 Qc7 13. Rh3 e5 14. Qd3
Nf6 15. Bd2 Bc5 16. Rg3 Qb6 17. O-O-O Bxf2 18. Rxg7 Kf8 19. Rg3 Nxe4 20.
Nxe4 Bxe4 21. Bb4+ d6 22. Qxe4 Bxg3 23. Rxd6 Bf4+ 24. Qxf4 exf4 25. Rxb6+
Ke8 26. Rxa6 Kd7 27. Bxb5+ Kc7 28. Be2 Rhe8 29. Bf3 1-0

[Event "Turniej Niepodleglosci 2021"]
[Site "Warsaw POL"]
[Date "2021.11.11"]
[Round "4.2"]
[White "Baum, Jonasz"]
[Black "Heberla, Bartlomiej"]
[Result "0-1"]
[WhiteElo "2209"]
[BlackElo "2411"]

1. d4 g6 2. e4 d6 3. Nc3 Bg7 4. Be3 c6 5. f4 Qb6 6. Qd2 Qxb2 7. Rb1 Qa3 8.
Bc4 Nf6 9. Nf3 d5 10. exd5 O-O 11. Ne5 Qd6 12. dxc6 bxc6 13. O-O Nbd7 14.
Bb3 Ba6 15. Rf3 Rab8 16. Re1 e6 17. f5 exf5 18. Bf4 Nxe5 19. Bxe5 Qd7 20.
Bxb8 Rxb8 21. Kh1 Rd8 22. h3 c5 23. d5 c4 24. Ba4 Qd6 25. Bb5 Ne4 26. Rxe4
Bxc3 27. Rxc3 fxe4 28. Bxa6 Qxa6 29. Qd4 Qxa2 30. Rxc4 e3 31. Rb4 e2 32.
Qe5 Qxc2 33. Re4 Qd1+ 34. Kh2 Qxd5 35. Rxe2 Qxe5+ 36. Rxe5 Ra8 37. Ra5 a6
38. Kg3 f6 39. Kf4 Kf7 40. Ke4 Ke6 41. Kd4 Kd6 42. g4 Kc6 43. Kc4 Kb6 44.
Rd5 Kc6 45. Rd1 a5 46. Rf1 a4 47. Rxf6+ Kd7 48. Rf2 a3 49. Kb3 a2 50. Rxa2
Rxa2 51. Kxa2 Ke6 52. Kb3 Ke5 53. Kc4 0-1

[Event "Turniej Niepodleglosci 2021"]
[Site "Warsaw POL"]
[Date "2021.11.11"]
[Round "4.3"]
[White "Nasuta, Grzegorz"]
[Black "Nurkiewicz, Maciej"]
[Result "1-0"]
[WhiteElo "2347"]
[BlackElo "2257"]

1. e4 e5 2. Nf3 Nf6 3. d4 Nxe4 4. dxe5 d5 5. Nbd2 Nxd2 6. Bxd2 Be7 7. Bd3
O-O 8. O-O c5 9. c3 Bg4 10. h3 Bh5 11. Re1 Nc6 12. Qc2 Bxf3 13. gxf3 g6 14.
f4 f5 15. Rad1 Qd7 16. Be3 Qe6 17. Bf1 Rfd8 18. Bg2 d4 19. cxd4 cxd4 20.
Bf1 Nb4 21. Qc4 Qxc4 22. Bxc4+ Kf8 23. Bd2 Rac8 24. Bb3 Nd3 25. Re2 Nxb2
26. Rb1 Nd3 27. Ba4 Nc5 28. Bd1 b6 29. a4 d3 30. Re3 Ne4 31. Rb2 Bc5 32.
Rf3 Bd4 33. Ra2 Bc3 34. Bc1 d2 35. Ba3+ Kg7 36. Kf1 Ba5 37. Ra1 Nc3 38. Bb2
Ne4 39. Raa3 Bb4 40. Rad3 a5 41. Ke2 Kf7 42. Bb3+ Ke7 43. h4 Nc5 44. Rxd8
Rxd8 45. Bd1 Ke6 46. h5 Kd5 47. hxg6 hxg6 48. Rg3 Kc4 49. Rxg6 Nd3 50. Rc6+
Kd5 51. Rc2 Nxf4+ 52. Ke3 Ng2+ 53. Ke2 Nf4+ 54. Ke3 Ne6 55. Bf3# 1-0

[Event "Turniej Niepodleglosci 2021"]
[Site "Warsaw POL"]
[Date "2021.11.11"]
[Round "4.4"]
[White "Jakubowski, Krzysztof"]
[Black "Dworakowska, Joanna"]
[Result "1-0"]
[WhiteElo "2412"]
[BlackElo "2237"]

1. e4 c5 2. Nf3 d6 3. d4 cxd4 4. Nxd4 Nf6 5. Nc3 a6 6. h3 e5 7. Nde2 h5 8.
Bg5 b5 9. Bxf6 Qxf6 10. a4 bxa4 11. Nd5 Qd8 12. Rxa4 g6 13. Rc4 Ra7 14.
Nf6+ Ke7 15. Nd5+ Ke8 16. Nec3 Bg7 17. Be2 Kf8 18. O-O Kg8 19. Qa1 Kh7 20.
Rd1 f5 21. Qa3 f4 22. Ra4 Rf7 23. Rd3 Qg5 24. Qxd6 f3 25. Rxf3 Rxf3 26.
Bxf3 Bxh3 27. Qe7 Qc1+ 28. Kh2 Rf8 29. Ne2 Qf1 30. Ng3 Qxf2 31. Kxh3 Nc6
32. Qc7 Nd4 33. Rxd4 exd4 34. e5 Kh6 35. Qd6 1-0

[Event "Turniej Niepodleglosci 2021"]
[Site "Warsaw POL"]
[Date "2021.11.11"]
[Round "4.5"]
[White "Przedmojski, Rafal"]
[Black "Kosakowski, Jakub"]
[Result "0-1"]
[WhiteElo "2195"]
[BlackElo "2297"]

1. d4 Nf6 2. c4 e6 3. g3 c5 4. Nf3 cxd4 5. Nxd4 Nc6 6. Bg2 Bc5 7. Nb3 Be7
8. Nc3 O-O 9. O-O b6 10. Nd4 Bb7 11. Bf4 Rc8 12. Rc1 Na5 13. Bxb7 Nxb7 14.
b3 Nh5 15. Be3 f5 16. Qd2 Qe8 17. Nf3 d6 18. Nb5 a6 19. Na7 Ra8 20. Bxb6
Nc5 21. b4 Ne4 22. Qe3 Nhf6 23. Nd4 0-1

[Event "Turniej Niepodleglosci 2021"]
[Site "Warsaw POL"]
[Date "2021.11.11"]
[Round "4.6"]
[White "Bednarek, Sylwester"]
[Black "Fus, Jakub"]
[Result "0-1"]
[WhiteElo "2361"]
[BlackElo "2211"]

1. d4 e6 2. e4 d5 3. Nc3 Nf6 4. Bg5 dxe4 5. Nxe4 Be7 6. Bxf6 gxf6 7. Nf3 f5
8. Ned2 c5 9. Bb5+ Bd7 10. Qe2 Bxb5 11. Qxb5+ Qd7 12. Qe2 cxd4 13. O-O-O
Nc6 14. Nc4 Qd5 15. Kb1 Bf6 16. Rhe1 O-O-O 17. g3 Rd7 18. h4 Rhd8 19. a3
Kb8 20. Nfe5 Nxe5 21. Nxe5 Bxe5 22. Qxe5+ Qxe5 23. Rxe5 Kc7 24. f4 Rd5 25.
Rxd5 Rxd5 26. Kc1 f6 27. Rf1 Kd6 28. Kd2 Rb5 29. b4 Kd5 30. Kd3 Rb6 31. c4+
dxc3 32. Kxc3 Ke4 33. Rd1 Kf3 34. Rd3+ Kf2 35. Kc4 Rc6+ 36. Kb5 e5 37. fxe5
fxe5 38. Rd5 a6+ 39. Ka5 Re6 0-1

[Event "Turniej Niepodleglosci 2021"]
[Site "Warsaw POL"]
[Date "2021.11.11"]
[Round "4.7"]
[White "Bartel, Marta"]
[Black "Nguyen, Piotr"]
[Result "0-1"]
[WhiteElo "2058"]
[BlackElo "2351"]

1. d4 g6 2. Nf3 Bg7 3. c4 c5 4. d5 d6 5. Nc3 Bxc3+ 6. bxc3 f5 7. g3 Qa5 8.
Qc2 Nd7 9. e3 Ngf6 10. Bd3 Ne5 11. Nxe5 dxe5 12. e4 fxe4 13. Be2 Bh3 14.
Rb1 Qc7 15. Be3 O-O 16. Rb5 b6 17. a4 Bg2 18. Rg1 Bf3 19. g4 Ne8 20. h4 Nd6
21. Rb1 Bxe2 22. Qxe2 Rf3 23. Kd2 Raf8 24. Rg2 Qd7 25. Ra1 e6 26. Kc2 exd5
27. cxd5 c4 28. a5 Qb5 29. Ra3 bxa5 30. Bxa7 Qxd5 31. Rg1 Nb5 32. Rxa5
Rxc3+ 33. Kb2 Rb3+ 34. Ka1 Qd3 35. Qxd3 exd3 36. Be3 c3 37. Rd1 d2 38. Rb1
Rxb1+ 0-1

[Event "Turniej Niepodleglosci 2021"]
[Site "Warsaw POL"]
[Date "2021.11.11"]
[Round "4.8"]
[White "Mis, Mieszko"]
[Black "Smieszek, Wojciech"]
[Result "1/2-1/2"]
[WhiteElo "2325"]
[BlackElo "1992"]

1. d4 Nf6 2. c4 c5 3. d5 e6 4. Nc3 exd5 5. cxd5 d6 6. Nf3 g6 7. Nd2 Nbd7 8.
e4 Bg7 9. Be2 O-O 10. O-O a6 11. a4 Re8 12. Re1 Ne5 13. Ra3 Rb8 14. h3 g5
15. Nf1 g4 16. hxg4 Bxg4 17. f3 Bd7 18. a5 Ng6 19. Be3 Nh5 20. Qd2 Be5 21.
Bg5 f6 22. Be3 Ngf4 23. g4 f5 24. Bd1 Nh3+ 25. Kg2 N5f4+ 26. Kh1 Qh4 27.
Nh2 Nd3 28. Rf1 fxg4 29. fxg4 Rf8 30. Bf3 Qg3 31. Qg2 Rxf3 32. Nxf3 Rf8 33.
Qxg3 Bxg3 34. Kg2 Bf4 35. Kxh3 Bxe3 36. Raa1 Nf4+ 37. Kg3 Nd3 38. Nh4 Bf2+
39. Rxf2 Nxf2 40. Nf5 Bxf5 41. gxf5 Nd3 42. Kf3 Kf7 43. Rh1 Kg7 44. Ne2
Nxb2 45. Rb1 Nc4 46. Rxb7+ Rf7 47. Rb8 Nxa5 48. Nf4 Kf6 49. Re8 Nc4 50. Kg4
Ne5+ 51. Kh4 Nf3+ 52. Kg3 Ne5 53. Re6+ Kg5 54. Rxd6 c4 55. Re6 Nd3 56. Nh3+
Kh5 57. Rc6 Rg7+ 58. Kh2 Ne5 59. Nf4+ Kg4 60. Ne6 Nxc6 61. Nxg7 c3 62. f6
c2 63. f7 c1=Q 64. f8=Q Qd2+ 65. Kg1 Qe1+ 66. Kh2 Qe2+ 67. Kg1 Qe1+ 68. Kh2
Qe2+ 69. Kg1 Nd4 70. Qc8+ Kf3 71. Qh3+ Kxe4 72. Qxh7+ Kxd5 73. Qg8+ Ke4 74.
Qe8+ Kd3 75. Qxe2+ Nxe2+ 76. Kf2 a5 77. Ne6 Nc3 78. Ke1 Kc2 79. Nc5 1/2-1/2

[Event "Turniej Niepodleglosci 2021"]
[Site "Warsaw POL"]
[Date "2021.11.11"]
[Round "4.9"]
[White "Kanarek, Marcel"]
[Black "Putlak, Wojciech"]
[Result "1-0"]
[WhiteElo "2293"]
[BlackElo "2054"]

1. e4 c5 2. Nf3 Nc6 3. d4 cxd4 4. Nxd4 Nf6 5. Nc3 d6 6. Bg5 e6 7. Qd2 a6 8.
Nxc6 bxc6 9. O-O-O Be7 10. Bxf6 gxf6 11. Bc4 Bb7 12. Bb3 a5 13. f4 Qc7 14.
f5 e5 15. Qh6 O-O-O 16. Bxf7 Kb8 17. Be6 Bc8 18. Bxc8 Kxc8 19. Rd3 Rdg8 20.
Nd5 Qd8 21. Nxe7+ Qxe7 22. Qd2 Qc7 23. Rd1 Rg4 24. Rxd6 Rxe4 25. Qc3 c5 26.
R6d5 c4 27. Rxa5 Qb7 28. Qa3 1-0

[Event "Turniej Niepodleglosci 2021"]
[Site "Warsaw POL"]
[Date "2021.11.11"]
[Round "4.10"]
[White "Kowalski, Igor"]
[Black "Jakubowska, Anna"]
[Result "1-0"]
[WhiteElo "2263"]
[BlackElo "1975"]

1. d4 d5 2. Nf3 Nf6 3. g3 c6 4. Bg2 Bg4 5. Ne5 Bf5 6. c4 Bxb1 7. Rxb1 e6 8.
O-O Bd6 9. b4 O-O 10. Bg5 h6 11. Bxf6 Qxf6 12. f4 Bxe5 13. fxe5 Qg5 14. Rf4
dxc4 15. Qc2 a6 16. Qxc4 Nd7 17. Rbf1 Rae8 18. e4 Qg6 19. Bh3 Qh5 20. Bg4
Qg6 21. Kg2 Qh7 22. Bh5 g6 23. Bd1 g5 24. R4f3 Qg7 25. Qe2 Rd8 26. Bb3 Nb6
27. Qf2 Nd7 28. Kh1 Rde8 29. h4 Qg6 30. Qe3 Kg7 31. Kh2 f6 32. Qe2 Qh5 33.
Kg1 fxe5 34. d5 exd5 35. exd5 Qg6 36. dxc6 Nf6 37. hxg5 hxg5 38. cxb7 e4
39. Rf5 Rb8 1-0

[Event "Turniej Niepodleglosci 2021"]
[Site "Warsaw POL"]
[Date "2021.11.11"]
[Round "4.11"]
[White "Kozlowski, Pawel"]
[Black "Bartel, Michal"]
[Result "1/2-1/2"]
[WhiteElo "1956"]
[BlackElo "2209"]

1. e4 e5 2. Nf3 Nc6 3. c3 d6 4. d4 Be7 5. Bb5 Bd7 6. O-O Nf6 7. Re1 O-O 8.
Nbd2 Nxd4 9. cxd4 Bxb5 10. dxe5 dxe5 11. Nxe5 Bc5 12. Ng4 Re8 13. e5 Nxg4
14. Qxg4 Re6 15. Ne4 Rxe5 16. Bf4 f5 17. Qh3 Rxe4 18. Rxe4 fxe4 19. Qb3+
Kh8 20. Qxb5 Bb6 21. Re1 c6 22. Qe5 Bd4 23. Qxe4 Bxb2 24. Qb4 Qb6 25. Qe7
Rg8 26. Rb1 Qd4 27. Be3 Qd3 28. Rf1 Qa6 29. h3 b6 30. Qf7 c5 31. Rd1 c4 32.
Rd7 c3 33. Rxa7 Qd3 34. Bh6 c2 35. Rd7 Qg6 36. Qxg6 hxg6 37. Be3 c1=Q+ 38.
Bxc1 Bxc1 39. Rb7 Ra8 40. Rxb6 Rxa2 41. Rxg6 Bb2 42. Rg4 Be5 43. g3 Kg8 44.
Re4 Bc7 45. Rb4 Rc2 46. Kg2 Kf7 47. Re4 Kf6 48. Rb4 Bd6 49. Ra4 Ke6 50.
Re4+ Kd5 51. Rg4 Be5 52. h4 Bd4 53. Rf4 Kc4 54. Kf1 Kd3 55. Rf3+ Kd2 56.
Rf4 Rc1+ 57. Kg2 Kd3 58. Rf3+ Ke2 59. Rf4 Rd1 60. Re4+ Kd3 61. Rf4 Rd2 62.
Kf1 Rd1+ 63. Kg2 Bc5 64. Rf7 Ke2 65. Rxg7 Bxf2 66. Re7+ Be3 67. h5 Rg1+ 68.
Kh3 Kf3 69. Rf7+ Ke4 70. Re7+ Kd4 71. Rd7+ Kc5 72. Rd3 Bd4 73. Kg4 Kd5 74.
Rf3 Ke4 75. Rf4+ Ke5 76. Rf3 Ke6 77. Kg5 Bc5 78. g4 Be7+ 79. Kf4 Kf6 80.
Rh3 Bd6+ 81. Kf3 Rf1+ 82. Ke2 Rg1 83. h6 Kg6 84. h7 Be5 1/2-1/2

[Event "Turniej Niepodleglosci 2021"]
[Site "Warsaw POL"]
[Date "2021.11.11"]
[Round "4.12"]
[White "Hasterok, Mateusz"]
[Black "Sanz Wawer, Daniel"]
[Result "1-0"]
[WhiteElo "1950"]
[BlackElo "2182"]

1. d4 Nf6 2. c4 e6 3. Nc3 Bb4 4. f3 c5 5. d5 O-O 6. e4 d6 7. Bd3 b5 8. Ne2
bxc4 9. Bxc4 Ba6 10. Bxa6 Nxa6 11. O-O Nc7 12. Bg5 exd5 13. exd5 h6 14. Bh4
Qe7 15. Re1 g5 16. Bf2 Rfe8 17. Ng3 Qd7 18. Nge4 Nxe4 19. Nxe4 Qe7 20. Re3
f5 21. Nxc5 Qf7 22. Ne6 Nxe6 23. dxe6 Rxe6 24. Qd5 Rae8 25. Rxe6 Rxe6 26.
Qa8+ Re8 27. Qxa7 Qd5 28. Qa4 Rb8 29. Rd1 Qe6 30. Qa7 Re8 31. a3 Qe2 32.
Rf1 Bd2 33. Qd4 Bf4 34. Qd5+ Qe6 35. Qxe6+ Rxe6 36. Rb1 Re2 37. a4 Bd2 38.
b4 Kf7 39. b5 Ba5 40. b6 Re8 41. Rb5 Rc8 42. Rxa5 Rc1+ 43. Be1 Rxe1+ 44.
Kf2 Re8 45. Rb5 Ke6 46. b7 1-0

[Event "Turniej Niepodleglosci 2021"]
[Site "Warsaw POL"]
[Date "2021.11.11"]
[Round "5.1"]
[White "Heberla, Bartlomiej"]
[Black "Nasuta, Grzegorz"]
[Result "1-0"]
[WhiteElo "2411"]
[BlackElo "2347"]

1. Nf3 Nf6 2. c4 c5 3. Nc3 d5 4. cxd5 Nxd5 5. e3 e6 6. Bb5+ Bd7 7. Bc4 Bc6
8. O-O Nxc3 9. bxc3 Nd7 10. d4 Be7 11. Qe2 Qc7 12. Bb3 O-O 13. Bb2 Rfd8 14.
Rad1 Qa5 15. c4 Bf6 16. Rc1 cxd4 17. exd4 Qh5 18. Rfd1 Bxf3 19. Qxf3 Qxf3
20. gxf3 Rac8 21. Ba3 e5 22. dxe5 Nxe5 23. Kg2 Nd3 24. Rb1 b6 25. Kf1 g6
26. Rd2 Ne5 27. Rxd8+ Rxd8 28. Bb2 Nxf3 29. Bxf6 Rd6 30. Bc3 Rd3 31. Rc1
Nxh2+ 32. Ke2 Rd6 33. f3 g5 34. c5 Rc6 35. Be5 bxc5 1-0

[Event "Turniej Niepodleglosci 2021"]
[Site "Warsaw POL"]
[Date "2021.11.11"]
[Round "5.2"]
[White "Kosakowski, Jakub"]
[Black "Gdanski, Jacek"]
[Result "1/2-1/2"]
[WhiteElo "2297"]
[BlackElo "2326"]

1. e4 e6 2. d4 d5 3. Bd3 dxe4 4. Bxe4 Nf6 5. Bf3 c5 6. Ne2 Nc6 7. Be3 Nd5
8. Bxd5 Qxd5 9. Nbc3 Qxg2 10. Rg1 Qxh2 11. Bf4 Qh5 12. Nb5 cxd4 13. Nc7+
Kd8 14. Nxd4 Qa5+ 15. c3 Bd7 16. Nxc6+ bxc6 17. Nxa8 e5 18. Be3 Kc8 19. Qd3
Be6 20. a4 Kb7 21. b4 Qd5 22. Qxd5 Bxd5 23. Nc7 Kxc7 24. Bxa7 h5 25. Ke2 h4
26. Be3 h3 27. a5 h2 28. Rh1 Bxh1 29. Rxh1 Kb7 30. Kf3 Bd6 31. Kg2 e4 32.
Rd1 Be5 33. c4 Bc3 34. Bc5 h1=Q+ 35. Rxh1 Rxh1 36. Kxh1 f5 37. Kg2 g5 38.
Be7 Ka6 39. f3 e3 40. Kf1 g4 41. fxg4 fxg4 42. Bd6 g3 43. Bxg3 Bxb4 44. Ke2
Bd2 45. Bf4 Kxa5 46. Bxe3 Kb4 47. Bxd2+ Kxc4 1/2-1/2

[Event "Turniej Niepodleglosci 2021"]
[Site "Warsaw POL"]
[Date "2021.11.11"]
[Round "5.3"]
[White "Fus, Jakub"]
[Black "Jakubowski, Krzysztof"]
[Result "0-1"]
[WhiteElo "2211"]
[BlackElo "2412"]

1. d4 Nf6 2. c4 e6 3. Nf3 Bb4+ 4. Bd2 a5 5. g3 d6 6. Bg2 Nbd7 7. O-O e5 8.
Nc3 exd4 9. Nxd4 O-O 10. Qc2 c6 11. b3 Bc5 12. e3 Re8 13. Rad1 Ne5 14. h3
Bd7 15. Na4 Ba7 16. Nf5 Qc7 17. Bc3 d5 18. c5 Bxf5 19. Qxf5 Ned7 20. Bd4
Re6 21. Qf4 Ne5 22. g4 Rae8 23. Qf5 Ng6 24. Nc3 Bb8 25. f4 Rxe3 26. Bxe3
Rxe3 27. g5 Nxf4 28. Rxf4 Qxf4 29. Qxf4 Bxf4 30. gxf6 Rxc3 31. Re1 Be3+ 32.
Kh1 gxf6 33. Bf3 f5 34. Bh5 Kf8 35. Rf1 f4 36. Bg4 Rxc5 37. Bc8 b5 38. Kg2
Rc2+ 39. Kf3 Rxa2 40. Kg4 Ke7 41. Kf5 Kd6 42. h4 Rh2 43. Kg5 d4 44. h5 d3
45. Bf5 d2 46. Bxh7 Ke5 47. Bc2 f3+ 48. Kg4 f2 49. Bd1 Rg2+ 50. Kf3 Rg1 51.
Ke2 0-1

[Event "Turniej Niepodleglosci 2021"]
[Site "Warsaw POL"]
[Date "2021.11.11"]
[Round "5.4"]
[White "Macieja, Bartlomiej"]
[Black "Baum, Jonasz"]
[Result "1/2-1/2"]
[WhiteElo "2454"]
[BlackElo "2209"]

1. Nf3 d5 2. d4 Nf6 3. c4 e6 4. Nc3 Bb4 5. Bg5 dxc4 6. a3 Bxc3+ 7. bxc3 Qd5
8. Bxf6 gxf6 9. Nd2 b5 10. e4 Qd7 11. Qf3 Bb7 12. Qxf6 Rg8 13. Rb1 a6 14.
g3 c5 15. dxc5 Nc6 16. Be2 Rd8 17. Rb2 Qe7 18. Qxe7+ Nxe7 19. Bxc4 Rg5 20.
a4 Rxc5 21. axb5 Rxd2 22. Kxd2 Rxc4 23. f3 axb5 24. Rxb5 Bc6 25. Rh5 f5 26.
Rxh7 fxe4 27. fxe4 Bxe4 28. Rh8+ Kd7 29. Ra1 Nd5 30. Rh4 Kd6 31. Ra3 Ke5
32. Rh5+ Kf6 33. Rh6+ Ke5 34. g4 Rc6 35. h3 Rb6 36. Ra2 Bb1 37. Ra1 Be4 38.
Ra2 Rb3 39. Rh5+ Kf4 40. c4 Rd3+ 41. Kc1 Nc3 42. Rf2+ Ke3 43. Rf6 Rd1+ 44.
Kb2 Kd2 45. Rf2+ Ke3 46. Rf6 Kd2 47. Rf2+ Ke3 48. Rf6 Kd3 49. Rxe6 Rb1+ 50.
Ka3 Kc2 51. Rb5 Nxb5+ 52. cxb5 Bd5 53. Re2+ Kc3 54. Re3+ Kd4 55. Rg3 Rxb5
56. g5 Ke5 57. h4 Kf4 58. Rd3 Kg4 59. g6 Kxh4 60. g7 Bf7 61. Rd7 Be6 62.
Rd6 Bf7 63. Rd7 Be6 64. Rd6 Bf7 1/2-1/2

[Event "Turniej Niepodleglosci 2021"]
[Site "Warsaw POL"]
[Date "2021.11.11"]
[Round "5.5"]
[White "Nguyen, Piotr"]
[Black "Deszczynski, Adam"]
[Result "1/2-1/2"]
[WhiteElo "2351"]
[BlackElo "2177"]

1. c4 c5 2. g3 Nc6 3. Bg2 g6 4. Nc3 Bg7 5. Nf3 e5 6. a3 a5 7. O-O Nge7 8.
Ne1 d6 9. Nc2 Be6 10. Ne3 O-O 11. d3 Kh8 12. Ned5 f5 13. Bg5 h6 14. Bxe7
Nxe7 15. Rb1 Rb8 16. b4 cxb4 17. axb4 Nxd5 18. Nxd5 b5 19. bxa5 Bxd5 20.
Bxd5 Qxa5 21. Qb3 Rb6 22. cxb5 Rfb8 23. Qc2 Rxb5 24. Bf7 Kh7 25. Ra1 Qb6
26. Rfc1 e4 27. Ra2 Rc5 28. Qd1 Rxc1 29. Qxc1 exd3 30. exd3 Qb1 31. Qxb1
Rxb1+ 32. Kg2 Rb2 33. Rxb2 Bxb2 34. Kf3 Kg7 35. Be8 1/2-1/2

[Event "Turniej Niepodleglosci 2021"]
[Site "Warsaw POL"]
[Date "2021.11.11"]
[Round "5.6"]
[White "Nurkiewicz, Maciej"]
[Black "Kanarek, Marcel"]
[Result "1-0"]
[WhiteElo "2257"]
[BlackElo "2293"]

1. e4 c5 2. Nf3 d6 3. d4 cxd4 4. Nxd4 Nf6 5. Nc3 a6 6. Be3 e5 7. Nb3 Be6 8.
Qd2 Nbd7 9. f4 Rc8 10. O-O-O Be7 11. h3 b5 12. f5 Bc4 13. Kb1 O-O 14. g4 b4
15. Nd5 Nxd5 16. exd5 Nb6 17. Na5 Bxd5 18. Bxb6 Qxb6 19. Qxd5 Rc5 20. Qb7
Qxa5 21. Qxe7 b3 22. axb3 1-0